Statistics for WJEC Chemistry Unit 4; chemical tests

Click here to take the quiz!

General Stats

  • This quiz has been taken 14 times
  • The average score is 3 of 9

Answer Stats

Test/ReactionColour% Correct
Tollen's ReagentSilver Mirror
80%
Phenol with BromineOrange to Colourless
40%
Oxidation with acidified Potassium DichromateOrange to Green
40%
Oxidation with acidified Potassium ManganatePurple to Colourless
40%
Phenol with aqueous Iron(III) Chlorideto Purple
20%
Fehling's ReagentDeep Blue to Orange-Red
10%
2,4-DNPOrange-Red Solid
10%
Coupling Reaction with Benzenediazonium SaltsYellow/Orange/Red
10%
IodoformColourless to Yellow
0%

Score Distribution

Percentile by Number Answered

Percent of People with Each Score

Your Score History

You have not taken this quiz